Euro 2024: clubs des joueurs de l'EDF - Statistiques

Statistiques générales
  • Ce quiz a été pris 1 353 fois
  • Le résultat moyen est 23 sur 25
Statistiques - réponses
Poste Joueur % Correct
Gardien Mike Maignan AC Milan
99%
Milieu Warren Zaïre-Emery Paris Saint-Germain
99%
Attaquant Ousmane Dembélé Paris Saint-Germain
99%
Attaquant Randal Kolo Muani Paris Saint-Germain
99%
Attaquant Kylian Mbappé Paris Saint-Germain
99%
Attaquant Bradley Barcola Paris Saint-Germain
99%
Défenseur Ferland Mendy Real Madrid
98%
Milieu Aurélien Tchouaméni Real Madrid
98%
Milieu Eduardo Camavinga Real Madrid
98%
Défenseur Dayot Upamecano Bayern Munich
97%
Attaquant Kingsley Coman Bayern Munich
97%
Défenseur Jules Koundé FC Barcelone
97%
Milieu Antoine Griezmann Atletico Madrid
95%
Défenseur Benjamin Pavard Inter Milan
95%
Attaquant Marcus Thuram Inter Milan
95%
Défenseur Jonathan Clauss Olympique de Marseille
95%
Défenseur William Saliba Arsenal
94%
Milieu Adrien Rabiot Juventus
93%
Gardien Brice Samba RC Lens
92%
Défenseur Ibrahima Konaté Liverpool
91%
Défenseur Theo Hernandez AC Milan
86%
Attaquant Olivier Giroud AC Milan
86%
Milieu Youssouf Fofana AS Monaco
80%
Gardien Alphonse Aréola West Ham
80%
Milieu N'golo Kanté Al-Ittihad
59%
Aucun quiz correspondant
Distribution des résultats
% des personnes avec chaque résultat
Percentile par nombre de réponses
Votre historique - résultats
Vous n’avez pas pris ce quiz